| 000 | 00683cam a22002297a 4500 | ||
|---|---|---|---|
| 003 | MX-MxUPN | ||
| 005 | 20240203063644.0 | ||
| 008 | 230908s2010 sp| |||gr|||| 000 0 spa d | ||
| 020 | _a9788498425932 | ||
| 040 |
_aMX-MxUPN _bspa |
||
| 050 | 4 |
_aQP86 A52 _b2010 |
|
| 100 | 1 |
_928724 _aAnder-Egg, Ezequiel, _d1930- |
|
| 245 | 1 | 0 |
_aCómo envejecer sin ser viejo : _bañadir años a la vida y vida a los años |
| 260 |
_aMadrid : _bCCS, _c2010 |
||
| 300 | _a152 páginas | ||
| 490 |
_aColección mayores ; _v12 |
||
| 650 | 4 |
_914602 _aEnvejecimiento |
|
| 650 | 4 |
_aVejez _914052 |
|
| 902 |
_aMarisolLicea/080923 _bVíctorGodínez/020224 |
||
| 942 |
_2lcc _cLIBRO |
||
| 999 |
_c210238 _d210238 |
||